ბათუმის შოთა რუსთაველის სახელმწიფო უნივერსიტეტის ბიბლიოთეკა

Теоретические основы техники связи=Principles of communication engineering. (ბიბ.ჩანაწერი № 38685)

000 -LEADER
fixed length control field 00764nam a2200217Ia 4500
001 - CONTROL NUMBER
control field 4930
003 - CONTROL NUMBER IDENTIFIER
control field GE_BSU
008 - FIXED-LENGTH DATA ELEMENTS--GENERAL INFORMATION
fixed length control field 181216s||||||||xx |||||||||||||| ||und||
040 ## - CATALOGING SOURCE
Transcribing agency GE_BSU
080 ## - UNIVERSAL DECIMAL CLASSIFICATION NUMBER
Universal Decimal Classification number 621.391.01
100 ## - MAIN ENTRY--PERSONAL NAME
Personal name Возенкрафт,Дж. Джекобс,И.
245 ## - TITLE STATEMENT
Title Теоретические основы техники связи=Principles of communication engineering.
245 ## - TITLE STATEMENT
Statement of responsibility, etc. Ред.Л.Якименко.
250 ## - EDITION STATEMENT
Edition statement перевод с английского под ред.Р.П.Добрушина.
260 ## - PUBLICATION, DISTRIBUTION, ETC.
Place of publication, distribution, etc. М.
260 ## - PUBLICATION, DISTRIBUTION, ETC.
Name of publisher, distributor, etc. Мир.
260 ## - PUBLICATION, DISTRIBUTION, ETC.
Date of publication, distribution, etc. 1969.
300 ## - PHYSICAL DESCRIPTION
Extent 640стр.27см.с илл.библиогр.:стр.629-633.
653 ## - INDEX TERM--UNCONTROLLED
Uncontrolled term Теоретические основы техники связи
942 ## - ADDED ENTRY ELEMENTS (KOHA)
Koha item type წიგნი
ეგზემპლარები
Withdrawn status Lost status Damaged status Not for loan Date acquired Barcode Date last seen Price effective from Koha item type
        2018-12-17 11039 2018-12-17 2018-12-17 წიგნი